Ο μεσαιωνικός κόσμος : βυζάντιο, μουσουλμανικός κόσμος, ευρωπαϊκή φεουδαρχία
Saved in:
| Main Author: | |
|---|---|
| Other Authors: | |
| Format: | Book |
| Language: | Greek |
| Published: |
[Αθήνα] :
Γνώση,
[c 1985]
|
| Series: | Εγχειρίδια ιστορίας ;
; 3 |
| Subjects: | |
| Tags: |
Add Tag
No Tags, Be the first to tag this record!
|
MARC
| LEADER | 00000cam a2200000 i 4500 | ||
|---|---|---|---|
| 001 | 1/85106 | ||
| 008 | 960910s1985 gr | ||| |||| ||gre|| | ||
| 035 | |a 1992 |b 1 |c Χιωτάκης |l 10034614 | ||
| 040 | |a GR-MY-UA |b gre |e aacr | ||
| 041 | 0 | |a gre | |
| 082 | 0 | |a 940.1 | |
| 100 | 1 | |a Κρεμμυδάς, Βασίλης Ν., |d 1935-2017. | |
| 245 | 1 | 2 | |a Ο μεσαιωνικός κόσμος : |b βυζάντιο, μουσουλμανικός κόσμος, ευρωπαϊκή φεουδαρχία / |c Βασίλης Κρεμμυδάς - Φούλα Πισπιρίγκου |
| 260 | |a [Αθήνα] : |b Γνώση, |c [c 1985] | ||
| 300 | |a 197 σ. | ||
| 490 | 1 | |a Εγχειρίδια ιστορίας |v ; 3 | |
| 650 | 0 | 0 | |a Middle Ages |x History. |
| 650 | 0 | 0 | |a Feudalism |z Europe. |
| 651 | 0 | |a Byzantine Empire |x History. | |
| 651 | 0 | |a Islamic Empire |x History. | |
| 651 | 0 | |a Europe |x History |y 476-1492. | |
| 700 | 1 | |a Πισπιρίγκου, Φούλα. | |
| 830 | 0 | |a Εγχειρίδια ιστορίας ; |v ; 3 | |
| 852 | |a INST |b RHODES |e 19960910 |h 940.1 ΚΡΕ |p 005400008372 |q 005400008372 |t BK |y 0 | ||
| 909 | |a Ρ |b 021919 |c 1992 | ||
| 922 | |a 4ΕΛΗ |b 199201 |c ΧΙΩΤΑΚΗΣ | ||
| 970 | |z 2000/06/ΚΑΤΕΡΙΝΑ | ||